000 00706nam a2200241Ia 4500
003 OSt
005 20220924114743.0
006 a|||||r|||| 00| 0
007 ta
008 220923b |||||||| |||| 00| 0 ara d
024 _a344598
037 _cTextual
040 _aARTS
_cARTS
_bara
041 _2ara
_aara
082 _aV466:76.F9, 28K2
100 _aAbdul Rahman Shahabuddin Au.
_9175179
245 0 _aKitab-al-rauzaitain fi akhbarudd daulaitain
260 _aCairo
_bDar-al-maaref Egypt
_c1962
300 _a719p.
_ccm.
650 _aARABIC LANGUAGE - HISTORY
942 _hV466:76.F9, 28K2
_cTEXL
_2CC
999 _c395115
_d395115